000
00307nam a2200133 a 4500
001
4141
003
CDMR
005
20130116135252.0
008
130130s2007||||||||||||||||||||||||||||d
040
_a
CDMR
_b
cat
_c
CPC GIRONA
245
0
_a
Attitudes
_b
Iniciativa social de Audi
260
_c
2007
_b
Audi
942
_c
MON
999
_c
4141
_d
4141